000 00312nam a22001337a 4500
008 170616b xxu||||| |||| 00| 0 eng d
020 _a9780813340166
041 _aeng
080 _a32
100 _a20
101 _aSHP
245 _aTHE INSIDER'S GUIDE TO POLITICAL INTERNSHIPS
_cREEHER, G
942 _2udc
_cBK
999 _c17706
_d17706